| 000 | 00748nam a2200241Ia 4500 | ||
|---|---|---|---|
| 003 | OSt | ||
| 005 | 20220925215423.0 | ||
| 006 | a|||||r|||| 00| 0 | ||
| 007 | ta | ||
| 008 | 220923b |||||||| |||| 00| 0 eng d | ||
| 037 | _cGeneral Book | ||
| 040 |
_aRTL _cRTL _beng |
||
| 041 |
_2eng _aeng |
||
| 082 | _aX91.3.N7<--N45, L1/GD | ||
| 100 |
_aFreeman C _9282832 |
||
| 245 | 0 |
_aRole of small firms in innovation in the United Kingdom since _b1945 |
|
| 260 |
_aLondon _bHMSO UK _c1971 |
||
| 300 |
_a44p. _ccm. |
||
| 490 | _aGreat Britain Small firms (Committee of enquiry-) research report | ||
| 650 | _aIndustrial Economics | ||
| 942 |
_hX91.3.N7<--N45, L1/GD _cGB _2CC |
||
| 999 |
_c568755 _d568755 |
||